Empresas familiares : su dinámica, equilibrio y consolidación /

Contenido: Parte I Naturaleza de la empresa familiar: 1) Equilibrio entre empresa y familia; 2) Características de las empresas familiares; 3) Modelos conceptuales de la empresa familiar; 4) Las relaciones humanas en la empresas familiares. -- Parte II Naturaleza de los conflictos en las empresas fa...

Description complète

Enregistré dans:
Détails bibliographiques
Auteur principal: Belausteguigoitia Rius, Imanol (autor)
Format: Livre
Langue:espagnol
Publié: México : McGraw-Hill : 2010, c2010
Édition:2a edición
Sujets:
Tags: Ajouter un tag
Pas de tags, Soyez le premier à ajouter un tag!

MARC

LEADER 00000nam^a2200000^a^4500
001 000300864
005 20250521000000.0
009 20260310112527.305
020 |a 978-607-15-0231-5 
037 |a Acervo ITESO - Biblioteca 
041 |a ESP 
082 |a 658. 041  |b BEL 
100 |a Belausteguigoitia Rius, Imanol  |e (autor) 
245 1 0 |a Empresas familiares :  |b su dinámica, equilibrio y consolidación /  |c I. Belausteguigoitia Rius ; pról. de Agustín Irurita. 
250 |a 2a edición 
264 4 |a México :  |b McGraw-Hill :  |c 2010, c2010 
300 |a XVIII, 263 p. 
336 |a texto  |b txt  |2 rdacontenido 
337 |a sin mediación  |b n  |2 rdamedio 
338 |a volumen  |b nc  |2 rdasoporte 
520 |a Contenido: Parte I Naturaleza de la empresa familiar: 1) Equilibrio entre empresa y familia; 2) Características de las empresas familiares; 3) Modelos conceptuales de la empresa familiar; 4) Las relaciones humanas en la empresas familiares. -- Parte II Naturaleza de los conflictos en las empresas familiares: 5) Fundamentos sobre los conflictos en las empresas familiares; 6) Causas principales de los conflictos; 7) Algunas ideas para prevenir conflictos; 8) Impacto en la práctica del perdón en las organizaciones familiares. -- Parte III Profesionalización de las empresas familiares: 9) Hacia la profesionalización; 10) Modelo de articulación dinámica de la empresa familiar; 11) Organos de gobierno. -- Parte IV La continuidad de la empresa familiar: 12) Las generaciones menores y sus planes de vida; 13) Planificación de la sucesión; 14) El retiro del fundador; 15) El espíritu emprendedor en las empresas familiares. 
649 |a XX 
650 |a Empresa Familiar -  |x Tema Principal 
650 |a Sucesión en los Negocios -  |x Tema Principal 
650 |a Conflicto (Relaciones Personales) 
650 |a Empresas -  |x Administración 
650 |a Administración 
650 |a Ciencias Administrativas 
910 |a Fondo General 
920 |a Impresos - Libros 
930 |a Colección General 
905 |a 101 
901 |a 0500186825  |b IT1  |c ACC  |i C123823  |u 20250521 
902 |a https://opac.biblio.iteso.mx/vufind/Record/000300864